[Event "Pribina - TPK Cup   Mistrovství ÈR junio"]
[Site "Havlíèkùv Brod - hotel Slunce"]
[Date "2012.11.28"]
[Round "5.1"]
[White "Kraus, Tomáš"]
[Black "Gabriel, Adam"]
[Result "1-0"]
[WhiteElo "2290"]
[BlackElo "2129"]
[PlyCount "63"]
[EventDate "2012.11.25"]

1. g3 e5 2. c4 Nc6 3. Bg2 d6 4. Nc3 f5 5. d3 Nf6 6. Rb1 a5 7. Nf3 g6 8. O-O Bg7
9. a3 O-O 10. b4 Bd7 11. b5 Ne7 12. Qb3 Qc8 13. a4 h6 14. c5+ Be6 15. Qa3 Qd7
16. b6 cxb6 17. Rxb6 Nc6 18. cxd6 Ne8 19. Nb5 Ra6 20. Be3 Rf7 21. Rc1 f4 22.
Bc5 Qd8 23. Rxa6 bxa6 24. Nc3 Rd7 25. Ng5 Nd4 26. Nxe6 Nxe6 27. Bd5 Qf6 28. Ne4
Qf5 29. Qb3 Kf7 30. Ba3 Bf8 31. Bxe6+ Qxe6 32. Qxe6+ 1-0

[Event "Pribina - TPK Cup   Mistrovství ÈR junio"]
[Site "Havlíèkùv Brod - hotel Slunce"]
[Date "2012.11.28"]
[Round "5.2"]
[White "Baláèek, Tadeáš"]
[Black "Èáp, Adam"]
[Result "1/2-1/2"]
[WhiteElo "2216"]
[BlackElo "2028"]
[PlyCount "170"]
[EventDate "2012.11.25"]

1. d4 d5 2. Nf3 e6 3. g3 c6 4. Bg2 Be7 5. O-O f5 6. c4 Nf6 7. b3 O-O 8. Ba3 Ne4
9. Bxe7 Qxe7 10. Qc2 Nd7 11. Nc3 Ndf6 12. Ne5 Nxc3 13. Qxc3 Ne4 14. Qd3 Bd7 15.
f3 Nd6 16. Qe3 Be8 17. c5 Nf7 18. Nd3 Nh6 19. h4 Rf6 20. Kf2 Bf7 21. Nf4 Re8
22. Qe5 Bg6 23. h5 Bf7 24. Rh1 Rf8 25. b4 Be8 26. Qe3 Nf7 27. Nd3 Qc7 28. f4
Bd7 29. Rab1 Rh6 30. Bf3 a6 31. a4 Ra8 32. Qd2 Rf6 33. e3 Nh6 34. Be2 Rff8 35.
Rb2 Nf7 36. Ra1 Rfb8 37. Rba2 a5 38. b5 cxb5 39. axb5 Bxb5 40. Rxa5 Rxa5 41.
Qxa5 Qxa5 42. Rxa5 Bc4 43. Ra7 Kf8 44. Nb4 Bxe2 45. Kxe2 g6 46. hxg6 hxg6 47.
Kd3 g5 48. Kc3 gxf4 49. gxf4 Nh6 50. Nc2 Ke8 51. Kb4 Kd7 52. Kb5 Kc7 53. Nb4
Kc8 54. Kb6 Ng4 55. Nc2 Nf2 56. Ra1 Kd7 57. Rg1 Ng4 58. Rh1 Nf6 59. Rh6 Ke7 60.
Kc7 Ra8 61. Kxb7 Ra2 62. Ne1 Rb2+ 63. Kc8 Re2 64. Nd3 Rxe3 65. Ne5 Re4 66. c6
Rxd4 67. c7 Rd1 68. Nc6+ Kd6 69. Rxf6 Rc1 70. Kb7 Rb1+ 71. Kc8 Rc1 72. Nd4
Rxc7+ 73. Kd8 Rc4 74. Nxf5+ Kc5 75. Ng7 d4 76. Nxe6+ Kd5 77. Nxd4 Rxd4 78. Ke7
Ke4 79. Ke6 Ra4 80. f5 Ra7 81. Rf8 Ra6+ 82. Ke7 Ke5 83. Rf7 Ra7+ 84. Kf8 Rxf7+
85. Kxf7 Kxf5 1/2-1/2

[Event "Pribina - TPK Cup   Mistrovství ÈR junio"]
[Site "Havlíèkùv Brod - hotel Slunce"]
[Date "2012.11.28"]
[Round "5.3"]
[White "Krejèí, Martin"]
[Black "Stárek, Stanislav"]
[Result "1/2-1/2"]
[WhiteElo "1934"]
[BlackElo "2013"]
[PlyCount "32"]
[EventDate "2012.11.25"]

1. e4 e6 2. d4 d5 3. e5 c5 4. c3 Nc6 5. Nf3 Qb6 6. a3 c4 7. Nbd2 Na5 8. Be2 Bd7
9. O-O Ne7 10. Rb1 Qc7 11. Re1 Nc8 12. Nf1 Nb6 13. Ne3 Ba4 14. Nc2 O-O-O 15.
Bf1 Be7 16. Qe2 Bb3 1/2-1/2

[Event "Pribina - TPK Cup   Mistrovství ÈR junio"]
[Site "Havlíèkùv Brod - hotel Slunce"]
[Date "2012.11.28"]
[Round "5.4"]
[White "Pùlpán, Jakub"]
[Black "Straka, Vojtìch"]
[Result "1/2-1/2"]
[WhiteElo "2099"]
[BlackElo "2285"]
[PlyCount "105"]
[EventDate "2012.11.25"]

1. e4 c6 2. c4 d5 3. exd5 cxd5 4. d4 Nf6 5. Nc3 e6 6. Nf3 Bb4 7. Bd3 dxc4 8.
Bxc4 Qc7 9. Qa4+ Nc6 10. Ne5 Bd7 11. Nxd7 Nxd7 12. O-O Nb6 13. Qb3 Nxd4 14.
Bb5+ Nxb5 15. Nxb5 Qc5 16. a4 O-O 17. Be3 Qc4 18. Qxc4 Nxc4 19. Bxa7 Nxb2 20.
Rab1 Nd3 21. Rfd1 Bc5 22. Rxd3 Bxa7 23. Nxa7 Rxa7 24. Rb4 b5 25. Rxb5 Rxa4 26.
g3 g6 27. Rb7 Kg7 28. Re3 Ra6 29. h4 h5 30. Kg2 Rd6 31. Ra7 Rfd8 32. Re7 Kf6
33. Ra7 Rd3 34. Ra3 Rxe3 35. Rxe3 e5 36. Ra3 Kf5 37. Rf3+ Ke6 38. Ra3 f6 39.
Kf1 Rd6 40. Kg2 e4 41. Ra4 Ke5 42. Ra2 Rd5 43. Rb2 f5 44. Rb4 f4 45. gxf4+ Kxf4
46. Rb6 Kf5 47. Rb4 Kf4 48. Rb6 g5 49. Rf6+ Rf5 50. hxg5 Kxg5 51. Re6 Kf4 52.
Rh6 Rg5+ 53. Kf1 1/2-1/2

[Event "Pribina - TPK Cup   Mistrovství ÈR junio"]
[Site "Havlíèkùv Brod - hotel Slunce"]
[Date "2012.11.28"]
[Round "5.5"]
[White "Janèaøík, Joel"]
[Black "Kozel, Jiøí"]
[Result "1-0"]
[WhiteElo "2242"]
[BlackElo "2051"]
[PlyCount "84"]
[EventDate "2012.11.25"]

1. e4 c5 2. Nf3 Nc6 3. Nc3 g6 4. d4 cxd4 5. Nxd4 Bg7 6. Nb3 Nf6 7. Be2 d6 8.
O-O O-O 9. Bg5 Be6 10. f4 a5 11. a4 Rc8 12. Kh1 Nb4 13. Bf3 Qb6 14. Nd4 Bc4 15.
Re1 h6 16. Bh4 e5 17. Ndb5 Rfd8 18. Na3 exf4 19. Nxc4 Rxc4 20. Qd2 g5 21. Bf2
Qc7 22. Bg1 Ne8 23. Ra3 Be5 24. Be2 Rxc3 25. bxc3 Na6 26. Bxa6 bxa6 27. Rb3 Nf6
28. Bb6 Qc8 29. Bxd8 Qxd8 30. Qe2 Qc8 31. Reb1 Kg7 32. Rb7 Qxc3 33. Qd3 Qc5 34.
h3 g4 35. Qb3 d5 36. hxg4 Nxe4 37. Qf3 Nd2 38. Qh3 Ne4 39. Rxf7+ Kxf7 40. Qh5+
Ke6 41. Qf5+ Kd6 42. Qf8+ Kd7 1-0

[Event "Pribina - TPK Cup   Mistrovství ÈR junio"]
[Site "Havlíèkùv Brod - hotel Slunce"]
[Date "2012.11.28"]
[Round "5.6"]
[White "Výprachtický, David"]
[Black "Rabatin, Jakub"]
[Result "1-0"]
[WhiteElo "2092"]
[BlackElo "2209"]
[PlyCount "61"]
[EventDate "2012.11.25"]

1. e4 c5 2. Nc3 Nc6 3. g3 g6 4. Bg2 Bg7 5. f4 d6 6. Nf3 e6 7. O-O Nge7 8. d3
Rb8 9. Nh4 Nd4 10. Ne2 Nxe2+ 11. Qxe2 O-O 12. Bh3 f5 13. exf5 gxf5 14. Nf3 h6
15. c3 Bd7 16. Be3 Nd5 17. Bf2 Qc7 18. d4 c4 19. Nd2 b5 20. a3 Rfe8 21. Bg2 Nb6
22. g4 fxg4 23. Qxg4 Bc6 24. Ne4 Kh8 25. Bg3 Nd5 26. Rae1 Bd7 27. Qh5 Rbd8 28.
f5 exf5 29. Nxd6 Nf6 30. Nf7+ Kh7 31. Bxc7 1-0

[Event "Pribina - TPK Cup   Mistrovství ÈR junio"]
[Site "Havlíèkùv Brod - hotel Slunce"]
[Date "2012.11.28"]
[Round "5.7"]
[White "Hrdina, Robin"]
[Black "Malý, Marek"]
[Result "1/2-1/2"]
[WhiteElo "2007"]
[BlackElo "2143"]
[PlyCount "78"]
[EventDate "2012.11.25"]

1. e4 e6 2. d3 d5 3. Nd2 c5 4. Ngf3 Nf6 5. g3 g6 6. Bg2 Bg7 7. O-O O-O 8. Re1
Nc6 9. Nf1 dxe4 10. dxe4 Qxd1 11. Rxd1 Nxe4 12. Nh4 Nf6 13. Be3 Nd7 14. c3 Na5
15. Rab1 Rb8 16. b4 Nc4 17. Bxc5 Nxc5 18. bxc5 b5 19. Ne3 Nxe3 20. fxe3 Bxc3
21. Rd3 Bf6 22. Rdb3 a6 23. a4 g5 24. Nf3 Bd7 25. Nd4 e5 26. axb5 axb5 27. Nxb5
Rfc8 28. Nd6 Rxb3 29. Rxb3 Rxc5 30. Rb8+ Kg7 31. Be4 Be7 32. Rb7 Rc1+ 33. Kg2
Bxd6 34. Rxd7 Bc5 35. Bd5 Bxe3 36. Rxf7+ Kg6 37. Rf1 Rc7 38. Be4+ Kg7 39. Rf5
Rc5 1/2-1/2

[Event "Pribina - TPK Cup   Mistrovství ÈR junio"]
[Site "Havlíèkùv Brod - hotel Slunce"]
[Date "2012.11.28"]
[Round "5.8"]
[White "Alfimov, Igor"]
[Black "Rubeš, Jan"]
[Result "0-1"]
[WhiteElo "1961"]
[BlackElo "2130"]
[PlyCount "130"]
[EventDate "2012.11.25"]

1. d4 c5 2. d5 e5 3. c4 d6 4. Nc3 g6 5. g3 Bg7 6. Bg2 Ne7 7. e4 O-O 8. Nge2 f5
9. O-O Nd7 10. Kh1 h6 11. Qd3 Kh7 12. f4 exf4 13. gxf4 fxe4 14. Nxe4 Nf5 15.
N2g3 Nf6 16. Rb1 Nh4 17. Nxf6+ Qxf6 18. Be4 Bf5 19. Bxf5 Nxf5 20. Nxf5 Qxf5 21.
Qxf5 Rxf5 22. b4 cxb4 23. Rxb4 b6 24. Rb3 Rc8 25. Ra3 Rf7 26. Ra4 Re8 27. Kg2
Bd4 28. Kg3 Re2 29. h3 Bc5 30. Kf3 Rfe7 31. Rxa7 Rxa7 32. Kxe2 Rxa2+ 33. Kd3
Rh2 34. Rf3 Kg7 35. Be3 Ra2 36. Bxc5 bxc5 37. Ke4 Rd2 38. Rb3 Rd4+ 39. Kf3 Rxc4
40. Rb6 Kf6 41. Rxd6+ Kf5 42. Rc6 Rxf4+ 43. Kg3 Rc4 44. d6 Ke6 45. d7+ Kxd7 46.
Rxg6 h5 47. h4 Rc3+ 48. Kf2 Rh3 49. Rg5 Kc6 50. Rxh5 Kb5 51. Ke2 Kb4 52. Kd2
Rh2+ 53. Kc1 c4 54. Rg5 Kb3 55. Rb5+ Kc3 56. Kb1 Rh1+ 57. Ka2 Rh2+ 58. Kb1 Rxh4
59. Rg5 Rh1+ 60. Ka2 Rd1 61. Rg3+ Kc2 62. Rh3 c3 63. Rh8 Rd7 64. Rh2+ Rd2 65.
Rh3 Kc1+ 0-1

[Event "Pribina - TPK Cup   Mistrovství ÈR junio"]
[Site "Havlíèkùv Brod - hotel Slunce"]
[Date "2012.11.28"]
[Round "5.9"]
[White "Haman, Jakub"]
[Black "Šlampa, Jan"]
[Result "1-0"]
[WhiteElo "2129"]
[BlackElo "2024"]
[PlyCount "73"]
[EventDate "2012.11.25"]

1. e4 e5 2. Nf3 Nc6 3. Bb5 f5 4. d3 fxe4 5. dxe4 Nf6 6. O-O Bc5 7. Qe2 d6 8.
Bg5 O-O 9. Bxc6 bxc6 10. Qc4+ Kh8 11. b4 Bb6 12. Qxc6 Bd7 13. Qc4 Qe8 14. Nc3
Qg6 15. Bxf6 Rxf6 16. Kh1 Qh5 17. Ng1 Bxf2 18. Qd3 Raf8 19. Nd5 Rh6 20. h3 g5
21. Ne3 Bxh3 22. gxh3 Rf3 23. Rxf2 Rxh3+ 24. Kg2 Rh1 25. Nf5 Qh2+ 26. Kf3 Qf4+
27. Ke2 R6h2 28. Qf3 Rxf2+ 29. Kxf2 Qd2+ 30. Kf1 Qh2 31. Qf2 Qh3+ 32. Ke2 Qh5+
33. Kd3 Rh2 34. Ng3 Qh6 35. Qf5 g4 36. Qc8+ Kg7 37. Nf5+ 1-0

[Event "Pribina - TPK Cup   Mistrovství ÈR junio"]
[Site "Havlíèkùv Brod - hotel Slunce"]
[Date "2012.11.28"]
[Round "5.10"]
[White "Seidl, Štìpán"]
[Black "Zezula, Rudolf"]
[Result "1-0"]
[WhiteElo "2185"]
[BlackElo "1995"]
[PlyCount "69"]
[EventDate "2012.11.25"]

1. e4 c5 2. Nf3 Nc6 3. Bb5 g6 4. Bxc6 bxc6 5. O-O Bg7 6. Re1 Nf6 7. c3 O-O 8.
d4 Qb6 9. b3 h6 10. e5 Nd5 11. c4 Nb4 12. dxc5 Qxc5 13. Be3 Qa5 14. Qd2 Kh7 15.
a3 c5 16. Bxc5 Qxc5 17. axb4 Qb6 18. Ra5 a6 19. c5 Qb8 20. Na3 Bb7 21. Nc4 Rd8
22. Nd4 Qc7 23. Ra2 Rab8 24. Qe3 Bc8 25. Nb6 d6 26. Nd5 Qa7 27. Nc6 Qa8 28.
Ndxe7 Re8 29. cxd6 Rb5 30. Qa7 Qxa7 31. Nxa7 Rxe5 32. Rxe5 Bxe5 33. Naxc8 Bxd6
34. Nxd6 Rxe7 35. Kf1 1-0

[Event "Pribina - TPK Cup   Mistrovství ÈR junio"]
[Site "Havlíèkùv Brod - hotel Slunce"]
[Date "2012.11.28"]
[Round "5.11"]
[White "Malèánek, Jan"]
[Black "Stachoò, Martin"]
[Result "0-1"]
[WhiteElo "1991"]
[BlackElo "2127"]
[PlyCount "106"]
[EventDate "2012.11.25"]

1. e4 c5 2. Nf3 e6 3. d4 cxd4 4. Nxd4 a6 5. c4 Nf6 6. Bd3 Nc6 7. Nxc6 dxc6 8.
O-O e5 9. h3 Bc5 10. a3 Be6 11. Nc3 Qc7 12. Qc2 Nh5 13. Na4 Bd4 14. Rd1 Rd8 15.
Be2 Nf4 16. Bxf4 exf4 17. c5 O-O 18. Bf3 Qe5 19. Re1 Kh8 20. Rac1 Qg5 21. Kf1
Be5 22. b4 Rd4 23. Red1 Rfd8 24. Rxd4 Rxd4 25. Rd1 Qd8 26. Ke1 g6 27. Nb2 a5
28. Nc4 Bxc4 29. Qxc4 Rxc4 30. Rxd8+ Kg7 31. bxa5 Rxc5 32. Rd7 Rxa5 33. Rxb7
Rxa3 34. Be2 Bc3+ 35. Kd1 Ra1+ 36. Kc2 Ra2+ 37. Kd3 Rd2+ 38. Kxc3 Rxe2 39. Rb2
Rxb2 40. Kxb2 Kf6 41. Kc3 Ke5 42. Kd3 f5 43. exf5 Kxf5 44. Kd4 Ke6 45. h4 h6
46. Kc5 Kd7 47. Kd4 Kd6 48. Ke4 g5 49. hxg5 hxg5 50. Kf5 c5 51. Kxg5 Ke5 52. g3
fxg3 53. fxg3 c4 0-1

[Event "Pribina - TPK Cup   Mistrovství ÈR junio"]
[Site "Havlíèkùv Brod - hotel Slunce"]
[Date "2012.11.28"]
[Round "5.12"]
[White "Toman, Ondøej"]
[Black "Kaòáková, Natálie"]
[Result "1-0"]
[WhiteElo "2101"]
[BlackElo "1654"]
[PlyCount "133"]
[EventDate "2012.11.25"]

1. e4 c5 2. Nc3 Nc6 3. g3 g6 4. Bg2 Bg7 5. d3 e6 6. Be3 b6 7. Qd2 Nge7 8. Bh6
O-O 9. h4 Kh8 10. h5 Bxh6 11. Qxh6 Ng8 12. Qd2 g5 13. O-O-O h6 14. g4 e5 15.
Nd5 f6 16. Ne2 d6 17. Bh3 Nge7 18. Nxe7 Qxe7 19. Ng3 b5 20. Nf5 Bxf5 21. exf5
d5 22. Bg2 Qd6 23. Rhe1 a5 24. c4 bxc4 25. dxc4 d4 26. Bxc6 Qxc6 27. Qd3 Qa4
28. Kb1 Rfb8 29. Rd2 Rb4 30. Rc2 Rab8 31. Rec1 Qc6 32. Re1 Qb7 33. Ree2 a4 34.
f3 Qa6 35. Rf2 Ra8 36. Kc1 Qa5 37. Rfd2 Rb3 38. axb3 axb3 39. Kd1 bxc2+ 40.
Kxc2 Rb8 41. Qa3 Qb6 42. Rd3 Kg7 43. b3 Rb7 44. Qa8 Ra7 45. Qe8 Rf7 46. Qa8 Qb4
47. Kd1 Qb7 48. Qxb7 Rxb7 49. Kc2 Ra7 50. Rd1 Ra2+ 51. Kd3 Rb2 52. Ke4 Rxb3 53.
Kd5 Rb7 54. Kxc5 Rc7+ 55. Kb5 Kf7 56. c5 Ke7 57. c6 Kd6 58. Rc1 Kd5 59. Kb6 Kd6
60. Rc2 d3 61. Rc3 Rxc6+ 62. Rxc6+ Kd5 63. Rxf6 Kc4 64. Rd6 Kc3 65. f6 d2 66.
f7 Kc2 67. f8=Q 1-0

[Event "Pribina - TPK Cup   Mistrovství ÈR junio"]
[Site "Havlíèkùv Brod - hotel Slunce"]
[Date "2012.11.28"]
[Round "5.13"]
[White "Navrátil, Marek"]
[Black "Macháò, Jan"]
[Result "0-1"]
[WhiteElo "1861"]
[BlackElo "2078"]
[PlyCount "98"]
[EventDate "2012.11.25"]

1. e4 c5 2. Nf3 e6 3. d4 cxd4 4. Nxd4 a6 5. Bd3 Qc7 6. Qe2 d6 7. O-O Nf6 8. Kh1
Be7 9. f4 Nbd7 10. a4 Nc5 11. Nc3 O-O 12. Bd2 Nxd3 13. cxd3 Re8 14. a5 e5 15.
Nc2 Be6 16. f5 Bb3 17. Ne3 d5 18. exd5 Rad8 19. Nc4 e4 20. Nxe4 Nxd5 21. f6
Bxf6 22. Rxf6 Rxe4 23. Qxe4 Nxf6 24. Qe2 Re8 25. Qf3 Bxc4 26. dxc4 Ne4 27. Re1
Qxc4 28. h3 Qc6 29. Bc3 Nd6 30. Qxc6 Rxe1+ 31. Bxe1 bxc6 32. g4 f6 33. Bb4 Nc4
34. b3 Ne5 35. Kg2 Kf7 36. Bc3 Ke6 37. Kf2 Kd5 38. Ke3 c5 39. Be1 Nc6 40. Bc3
Nd4 41. Bxd4 cxd4+ 42. Kd3 Kc5 43. h4 g6 44. h5 gxh5 45. gxh5 f5 46. b4+ Kd5
47. b5 axb5 48. a6 Kc6 49. Kxd4 b4 0-1

[Event "Pribina - TPK Cup   Mistrovství ÈR junio"]
[Site "Havlíèkùv Brod - hotel Slunce"]
[Date "2012.11.28"]
[Round "5.14"]
[White "Szücs, Matyáš"]
[Black "Dobeš, Vojtìch"]
[Result "0-1"]
[WhiteElo "1934"]
[BlackElo "2055"]
[PlyCount "108"]
[EventDate "2012.11.25"]

1. d4 Nf6 2. Nf3 e6 3. Nbd2 d5 4. e3 Be7 5. Bd3 O-O 6. O-O c5 7. c3 Nc6 8. dxc5
Bxc5 9. e4 e5 10. Qe2 Re8 11. h3 Bb6 12. Rd1 Qc7 13. exd5 Ne7 14. d6 Qxd6 15.
Nc4 Qc7 16. Nxb6 Qxb6 17. Qxe5 Nc6 18. Qg3 Ne7 19. Nd4 Ng6 20. Bc2 Be6 21. b3
Bd5 22. c4 Be4 23. Be3 Qa5 24. Bxe4 Nxe4 25. Qf3 Rad8 26. Ne2 Rxd1+ 27. Rxd1
Qxa2 28. Nc1 Qa5 29. Rd7 Nf6 30. Rxb7 Nh4 31. Qe2 a6 32. Qd2 Qf5 33. Qd4 Qh5
34. Qd3 Nf5 35. Qe2 Qg6 36. Rb6 Nxe3 37. fxe3 Qb1 38. Qd1 Rxe3 39. Rb8+ Ne8 40.
Qd2 Re6 41. Kh2 Qe4 42. Rd8 Qe5+ 43. Kg1 h6 44. Nd3 Qa1+ 45. Kh2 Kh7 46. Nf4
Re1 47. Qd4 Rh1+ 48. Kg3 Qe1+ 49. Qf2 Qe7 50. Qd2 Nf6 51. Qd3+ g6 52. Kf3 Qe1
53. Qe2 Rf1+ 54. Ke3 Qg3+ 0-1

[Event "Pribina - TPK Cup   Mistrovství ÈR junio"]
[Site "Havlíèkùv Brod - hotel Slunce"]
[Date "2012.11.28"]
[Round "5.15"]
[White "Hošek, Martin"]
[Black "Šroubová, Lenka"]
[Result "1-0"]
[WhiteElo "2027"]
[BlackElo "1790"]
[PlyCount "88"]
[EventDate "2012.11.25"]

1. d4 d5 2. c4 Nc6 3. Nc3 dxc4 4. e3 e5 5. d5 Nce7 6. Bxc4 Nf6 7. Qb3 Nf5 8.
Nf3 Bd6 9. Bb5+ Kf8 10. Qc2 a6 11. Bd3 Ne7 12. e4 h6 13. h3 g6 14. Be3 Kg7 15.
Rc1 Bd7 16. Qd2 c6 17. dxc6 Bxc6 18. O-O Qd7 19. Rfd1 Bc7 20. Qe2 Qc8 21. Bc5
Re8 22. Bc4 b5 23. Bb3 Qb7 24. Bxe7 Rxe7 25. Nd5 Bxd5 26. exd5 Bd6 27. Rc6 Rd8
28. Rdc1 a5 29. a3 Qb8 30. Qe3 b4 31. a4 Bc7 32. Qc5 Rdd7 33. Bc4 Ne4 34. Qe3
Nf6 35. Rd1 e4 36. Ne1 Bh2+ 37. Kh1 Bf4 38. Qd4 Be5 39. Qc5 Bxb2 40. Qxa5 Ra7
41. Qc5 Bc3 42. Rc1 Qf4 43. d6 Red7 44. Rb1 Rdb7 1-0

[Event "Pribina - TPK Cup   Mistrovství ÈR junio"]
[Site "Havlíèkùv Brod - hotel Slunce"]
[Date "2012.11.28"]
[Round "5.16"]
[White "Chromík, Tomáš"]
[Black "Ptáèek, Tomáš"]
[Result "0-1"]
[WhiteElo "1889"]
[BlackElo "2007"]
[PlyCount "88"]
[EventDate "2012.11.25"]

1. e4 e6 2. d4 d5 3. Nc3 Bb4 4. e5 c5 5. a3 Bxc3+ 6. bxc3 Qa5 7. Bd2 Qa4 8. Qg4
g6 9. Qd1 b6 10. c4 Nc6 11. Nf3 Nge7 12. dxc5 bxc5 13. cxd5 exd5 14. Bg5 Qe4+
15. Qe2 Bf5 16. Bf6 O-O 17. Qxe4 Bxe4 18. Nd2 Rfe8 19. Nxe4 dxe4 20. Bc4 Nd4
21. Ra2 Rab8 22. O-O Nec6 23. c3 Nb5 24. Rb2 Nxc3 25. Rxb8 Rxb8 26. Rc1 Nd4 27.
Kh1 Rb1 28. Rxb1 Nxb1 29. a4 Nd2 30. Bd5 c4 31. e6 Nxe6 32. Bc3 Nf4 33. Bc6 Nb1
34. Bf6 Nd3 35. Kg1 Nd2 36. Bc3 Nb1 37. Bf6 c3 38. Bxe4 c2 39. Bg5 Nb4 40. Kf1
Nc3 41. Bf3 Nxa4 42. Ke2 Nc3+ 43. Kd2 Nca2 44. Ke2 a5 0-1

[Event "Pribina - TPK Cup   Mistrovství ÈR junio"]
[Site "Havlíèkùv Brod - hotel Slunce"]
[Date "2012.11.28"]
[Round "5.17"]
[White "Braun, Marek"]
[Black "Sabolová, Kristýna"]
[Result "1-0"]
[WhiteElo "2232"]
[BlackElo "1883"]
[PlyCount "55"]
[EventDate "2012.11.25"]

1. e4 c6 2. d4 d5 3. exd5 cxd5 4. Bd3 Nf6 5. c3 Nc6 6. Bf4 e6 7. Nf3 Bd6 8.
Bxd6 Qxd6 9. O-O O-O 10. Qe2 b6 11. Ne5 Nd7 12. f4 Ncxe5 13. fxe5 Qe7 14. Nd2
f5 15. exf6 gxf6 16. Rae1 e5 17. Bf5 Re8 18. Qf3 e4 19. Nxe4 Kh8 20. Nd6 Qxe1
21. Rxe1 Rxe1+ 22. Kf2 Re7 23. Qxd5 Rb8 24. Qc6 Ba6 25. Bxd7 Re2+ 26. Kf3 Rg8
27. Bh3 Rxb2 28. Nf5 1-0

[Event "Pribina - TPK Cup   Mistrovství ÈR junio"]
[Site "Havlíèkùv Brod - hotel Slunce"]
[Date "2012.11.28"]
[Round "5.18"]
[White "Johnová, Eliška"]
[Black "Rùžièka, Václav"]
[Result "1/2-1/2"]
[WhiteElo "1848"]
[BlackElo "2072"]
[PlyCount "76"]
[EventDate "2012.11.25"]

1. e4 c5 2. Nc3 Nc6 3. g3 g6 4. Bg2 Bg7 5. d3 d6 6. Be3 e6 7. Qd2 Nd4 8. Nd1
Ne7 9. c3 Ndc6 10. Bh6 O-O 11. Ne2 f5 12. Bxg7 Kxg7 13. f4 e5 14. O-O Be6 15.
Ne3 d5 16. exf5 Nxf5 17. fxe5 Nxe5 18. Nf4 Bg8 19. Nfxd5 Nxe3 20. Qxe3 Qd6 21.
c4 Rfe8 22. Qd2 Nc6 23. Rae1 Nd4 24. b4 Rxe1 25. Rxe1 Bxd5 26. cxd5 cxb4 27.
Qb2 Qc5 28. Re4 Qc3 29. Qf2 Nf5 30. g4 Nd6 31. Re7+ Kg8 32. Qe3 Qf6 33. Qe6+
Qxe6 34. dxe6 Re8 35. Rxe8+ Nxe8 36. d4 Kf8 37. Bxb7 Ke7 38. d5 Nc7 1/2-1/2

[Event "Pribina - TPK Cup   Mistrovství ÈR junio"]
[Site "Havlíèkùv Brod - hotel Slunce"]
[Date "2012.11.28"]
[Round "5.19"]
[White "Pospíšil, Martin"]
[Black "Steinhauserová, Anna"]
[Result "1/2-1/2"]
[WhiteElo "2007"]
[BlackElo "1821"]
[PlyCount "31"]
[EventDate "2012.11.25"]

1. d4 d5 2. Bf4 Nf6 3. e3 Bf5 4. c4 e6 5. Nc3 Bd6 6. Bxd6 Qxd6 7. c5 Qe7 8. Qb3
c6 9. Nf3 Qc7 10. Nh4 Bg4 11. h3 Bh5 12. g4 Bg6 13. Nxg6 hxg6 14. Bg2 Nbd7 15.
Qd1 e5 16. Qf3 1/2-1/2

[Event "Pribina - TPK Cup   Mistrovství ÈR junio"]
[Site "Havlíèkùv Brod - hotel Slunce"]
[Date "2012.11.28"]
[Round "5.20"]
[White "Danìk, Daniel"]
[Black "Krátký, Josef"]
[Result "0-1"]
[WhiteElo "1802"]
[BlackElo "1977"]
[PlyCount "74"]
[EventDate "2012.11.25"]

1. d4 e6 2. Nf3 d5 3. e3 c6 4. Bd3 Bd6 5. O-O f5 6. Ne5 Nf6 7. b3 Qe7 8. Bb2
O-O 9. a4 Nbd7 10. f4 Ne4 11. Nd2 Rf6 12. Ndf3 Rh6 13. Bxe4 fxe4 14. Ng5 Nxe5
15. dxe5 Bc5 16. Qd2 Bd7 17. Bc3 a6 18. Ba5 Be8 19. c4 Bh5 20. b4 Ba7 21. b5
Rg6 22. cxd5 cxd5 23. b6 Bb8 24. Bb4 Qd8 25. h4 h6 26. f5 Bxe5 27. g4 Rxg5 28.
hxg5 Bxg4 29. f6 Bf3 30. f7+ Kxf7 31. Rxf3+ exf3 32. Bc3 Qxg5+ 33. Kh1 Qh4+ 34.
Kg1 Qg3+ 35. Kf1 Bd6 36. Qf2 Qh3+ 37. Kg1 Rf8 0-1

[Event "Pribina - TPK Cup   Mistrovství ÈR junio"]
[Site "Havlíèkùv Brod - hotel Slunce"]
[Date "2012.11.28"]
[Round "5.21"]
[White "Franìk, Jan"]
[Black "Šaffová, Michaela"]
[Result "1-0"]
[WhiteElo "1976"]
[BlackElo "1743"]
[PlyCount "55"]
[EventDate "2012.11.25"]

1. e4 e6 2. Nf3 d5 3. e5 c5 4. b4 cxb4 5. d4 Nc6 6. Bd3 f6 7. O-O fxe5 8. dxe5
Bc5 9. Bg5 Nge7 10. Nh4 Bd4 11. c3 bxc3 12. Qh5+ Kd7 13. Na3 c2 14. Rae1 g6 15.
Qg4 Bc3 16. Re2 a6 17. Bf6 Rf8 18. Nxc2 Qc7 19. Nf3 b5 20. Ng5 Nf5 21. Nxh7 Rg8
22. Bxf5 exf5 23. Qg3 Ba5 24. Qf3 Ne7 25. Bh4 Bb7 26. Nf6+ Kc6 27. Nd4+ Kb6 28.
Qe3 1-0

[Event "Pribina - TPK Cup   Mistrovství ÈR junio"]
[Site "Havlíèkùv Brod - hotel Slunce"]
[Date "2012.11.28"]
[Round "5.22"]
[White "Škuthan, Jiøí"]
[Black "Marek, Matyáš"]
[Result "0-1"]
[WhiteElo "1782"]
[BlackElo "1973"]
[PlyCount "38"]
[EventDate "2012.11.25"]

1. e4 c5 2. Nf3 d6 3. d4 cxd4 4. Nxd4 Nf6 5. Nc3 a6 6. Bc4 e6 7. Bb3 Nbd7 8.
Be3 Nc5 9. f3 Be7 10. Qe2 Qc7 11. O-O-O b5 12. g4 Nfd7 13. g5 b4 14. Na4 Nxb3+
15. axb3 Nc5 16. Kb1 Bd7 17. Qc4 Rc8 18. Nxc5 dxc5 19. Ne2 Bb5 0-1

[Event "Pribina - TPK Cup   Mistrovství ÈR junio"]
[Site "Havlíèkùv Brod - hotel Slunce"]
[Date "2012.11.28"]
[Round "5.23"]
[White "Walek, Petr"]
[Black "Paøízek, Vojtìch"]
[Result "1-0"]
[WhiteElo "1969"]
[BlackElo "1727"]
[PlyCount "67"]
[EventDate "2012.11.25"]

1. e4 c5 2. Nf3 Nc6 3. d4 cxd4 4. Nxd4 Nf6 5. Nc3 e5 6. Ndb5 d6 7. Bg5 a6 8.
Na3 b5 9. Nd5 Be7 10. Bxf6 Bxf6 11. g3 O-O 12. Bg2 Bg5 13. O-O Rb8 14. c3 Be6
15. Nc2 Qd7 16. Qh5 Bd8 17. Nce3 g6 18. Qh6 b4 19. f4 bxc3 20. f5 gxf5 21. exf5
Bxd5 22. Bxd5 cxb2 23. f6 Bxf6 24. Be4 Rfd8 25. Bxh7+ Kh8 26. Bf5+ Kg8 27. Bxd7
bxa1=Q 28. Rxa1 Rxd7 29. Qxf6 Nd4 30. Nf5 Nxf5 31. Qxf5 Rdb7 32. Rf1 Rd8 33. h4
Re7 34. Qf6 1-0

[Event "Pribina - TPK Cup   Mistrovství ÈR junio"]
[Site "Havlíèkùv Brod - hotel Slunce"]
[Date "2012.11.28"]
[Round "5.24"]
[White "Svoboda, Matìj"]
[Black "Skoøepa, Jakub"]
[Result "1-0"]
[WhiteElo "1955"]
[BlackElo "1702"]
[PlyCount "97"]
[EventDate "2012.11.25"]

1. e4 c6 2. d4 d5 3. Nc3 dxe4 4. Nxe4 Bf5 5. Ng3 Bg6 6. h4 h6 7. f4 e6 8. Nf3
Nd7 9. h5 Bh7 10. Bd3 Bxd3 11. Qxd3 Ngf6 12. Bd2 Qc7 13. Ne5 Nxe5 14. dxe5 Nd7
15. O-O-O O-O-O 16. Qe2 Be7 17. c4 Nc5 18. Be3 Kb8 19. Kb1 Rxd1+ 20. Rxd1 Rd8
21. Bxc5 Bxc5 22. Ne4 Be7 23. b3 b6 24. Kc2 f5 25. exf6 gxf6 26. Rxd8+ Qxd8 27.
Qd1 Qxd1+ 28. Kxd1 Kc7 29. Ke2 b5 30. Kd3 Kb6 31. cxb5 cxb5 32. g4 Kc6 33. Kd4
a6 34. Nd2 Kd6 35. Nf3 e5+ 36. fxe5+ fxe5+ 37. Ke4 Bf6 38. Nd2 Ke6 39. Nf1 Bg5
40. Ng3 Bh4 41. Ne2 Bg5 42. Nc3 Be7 43. Nd5 Bd8 44. Nb4 a5 45. Nd3 Be7 46. Nxe5
a4 47. Nc6 axb3 48. axb3 Kd6 49. Nxe7 1-0

[Event "Pribina - TPK Cup   Mistrovství ÈR junio"]
[Site "Havlíèkùv Brod - hotel Slunce"]
[Date "2012.11.28"]
[Round "5.25"]
[White "Tùma, Jan"]
[Black "Pýcha, Patrik"]
[Result "0-1"]
[WhiteElo "1738"]
[BlackElo "1946"]
[PlyCount "132"]
[EventDate "2012.11.25"]

1. e4 e6 2. d4 d5 3. e5 c5 4. c3 Nc6 5. Nf3 Qb6 6. a3 c4 7. Nbd2 Na5 8. g3 Bd7
9. Bg2 Ne7 10. O-O Qc7 11. Rb1 Nc8 12. Re1 Nb6 13. Nf1 Ba4 14. Qe2 O-O-O 15. h3
Bb3 16. N3h2 Na4 17. f4 b5 18. f5 Nc6 19. fxe6 fxe6 20. Ne3 Qd7 21. Rf1 Bxa3
22. Bf3 Kb8 23. Qg2 Be7 24. Be2 Rhf8 25. Bd2 h6 26. Bh5 Bg5 27. Nf3 Bxe3+ 28.
Bxe3 Ne7 29. Nh4 g5 30. Ng6 Nxg6 31. Bxg6 Qg7 32. Bh5 Qh7 33. Rbc1 Qd3 34. Rf3
Nxb2 35. Rcf1 Rxf3 36. Rxf3 Qd1+ 37. Kh2 Qa1 38. Rf1 Nd1 39. Bxd1 Bxd1 40. Qd2
b4 41. Rxd1 Qxc3 42. Qxc3 bxc3 43. Rc1 Kc7 44. Rxc3 Rb8 45. Kg2 Rb3 46. Rxb3
cxb3 47. Bc1 Kc6 48. Kf3 Kb5 49. Ke3 Kb4 50. Kd3 a5 51. Bb2 a4 52. Bc1 a3 53.
Bd2+ Kb5 54. Kc3 a2 55. Kb2 Kc4 56. h4 gxh4 57. gxh4 h5 58. Be3 Kd3 59. Bc1
Kxd4 60. Bf4 Ke4 61. Bh6 d4 62. Bg7 Kd3 63. Bf8 a1=Q+ 64. Kxa1 Kc2 65. Ba3 d3
66. Bc1 b2+ 0-1